000 01429ncm0a2200361 4500
001 RU\NLR\ONIZ\198293
005 20250624194746.0
010 _a978-5-906701-08-4
021 _aRU
_b14-116н
_914-7н
035 _aRU\NLR\ONIZ\GALA\5000012256\20140603141840
035 _a(NLR Aleph) 010888909
090 _a10541141
_c10541141
100 _a20140603d2013 |||y0rusy50 ca
101 0 _arus
102 _aRU
200 1 _aЯ буду кураистом!
_bНоты
_eсамоучитель игры на курае
_fР. С. Мухутдинов, Н. Р. Мухутдинова
210 _aКазань
_cИхлас
_d2013
215 _a104 с.
_d31 см
606 1 _aКурай. Самоучитель игры
_yРоссия
_z20-21 век
_jНоты
_2nlr_sh
686 _aЩ957.299.1(2Р=Рус)
_vLBC/SL
_2rubbk
700 1 _9z04790
_aМухутдинов
_bР. С.
_gРинат Сабирович
_4070
702 1 _9z03790
_aМухутдинова
_bН. Р.
_gНаиля Равилевна
_4070
790 1 _9z03702
_aMuxutdinova
_bN. R.
_gNailya Ravilevna
_4070
790 1 _9z04700
_aMuxutdinov
_bR. S.
_gRinat Sabirovich
_4070
801 0 _aRU
_bNLR
_c20140603
_gPSBO
801 1 _aRU
_bNLR
_c20140603
_2rusmarc
801 2 _aRU
_bNLR
_c20190630
852 _aNLR
_bМ
_j3/10798
_pМОЭ 2014-7н/116н
_t1
852 _aNLR
_bМ
_j3/10798а
_pМОЭ 2014-7н/116на
_t2
942 _cSCORE
980 _aNB
980 _aONIZ